000
00259nam a22001097a 4500
008
240610b |||||||| |||| 00| 0 eng d
100
_a
Gangaram, M.K.
_9
15226
245
_a
Sadachar-1968
260
_a
Bombay :
_b
Sadachar Pub;
_c
1968
300
_a
-
942
_c
BK
999
_c
39479
_d
39479